Sistema de monitoreo, detección y notificación de fallas en las condiciones de operación de los equipos de laboratorio de componentes Intel de Costa Rica

محفوظ في:
التفاصيل البيبلوغرافية
المؤلف الرئيسي: González Cerdas, Gerardo E.
التنسيق: كتاب
منشور في: [San José, Costa Rica] 2009
الموضوعات:
الوسوم: إضافة وسم
لا توجد وسوم, كن أول من يضع وسما على هذه التسجيلة!

MARC

LEADER 00000nam a2200000Ia 4500
003 010439
005 20221231144045.0
008 140114s2009 cr a 000 ||s d
040 |c cru CEDI 
090 |a TFG 5965 
100 |a González Cerdas, Gerardo E.   |9 3565 
245 |a Sistema de monitoreo, detección y notificación de fallas en las condiciones de operación de los equipos de laboratorio de componentes Intel de Costa Rica 
260 |c 2009  |b [San José, Costa Rica] 
300 |a x, 78 hojas; ilustraciones a color 
500 |a Proyecto de graduación (bachillerato en ingeniería eléctrica)--Universidad de Costa Rica. Facultad de Ingeniería. Escuela de Ingeniería Eléctrica 
650 |x COMPONENTES INTEL DE COSTA RICA  |x MICROPROCESADORES   |x LABORATORIOS   |x AUTOMATIZACION   |x  CONTROL DE CALIDAD  |9 3566 
942 |c TFG 
999 |c 16263  |d 16263